Click para traducir - Inglés - Estadísticas

Estadísticas generales
  • Esta prueba ha sido intentada 9.790 veces
  • La puntuación promedio es 19 de 20
Estadísticas de respuestas
Hint Respuesta % Correcto
Manzana Apple
97%
Libro Book
97%
Pez Fish
97%
Río River
97%
Miércoles Wednesday
97%
Amarillo Yellow
97%
Bote Boat
96%
Pan Bread
96%
Coche Car
96%
Ordenador Computer
96%
Cabeza Head
96%
Casa House
96%
Semana Week
96%
Vino Wine
96%
Caballo Horse
95%
Tienda Shop
95%
Pueblo Town
95%
Árbol Tree
95%
Nube Cloud
94%
Hierba Grass
92%
No se encontraron pruebas coincidentes
Distribución de puntuación
Porcentaje de gente con cada puntuación
Porcentaje por número respondido
Historial de tus puntuaciones
No has intentado esta prueba.